007140000a220020500045007000019000007000027000191000019000462450115000656500025001806500014002056500032002196500016002516500024002676510055002916530035003466530040003816530034004210410013004557730040004681 aPerdomo, Laura1 aSchnetter, Marie Luise1 aElster, Carola10aImpact of ecological factors on the regeneration of mangroves in the Ciénaga Grande de Santa Marta, Colombia14aEcosistemas costeros14aManglares14aRegeneración de manglares14aTemperatura14aAnálisis del agua 4lCienaga Grande de Santa MartadMagdalenapColombia gAvicenniaeAvicennia germinans gLagunculariaeLaguncularia racemosa gRhizophoraeRhizophora mangle0 aInglés1 tHydrobiologia332q35-46d1999g413